000 00559nam a2200193Ii 4500
003 JO-AjNU
008 230605s9999||||xx |||||||||||||| ||und||
040 _aJO-AjNU
_bara
_erda
_cJO-AjNU
041 _aara
050 1 4 _aRC311.R37 1999
100 3 _aالرشدان، رزق,
_eauthor
_961098
245 0 0 _aمكافحة التدرن
264 3 1 _aد.م: د.ن، 1999
300 _a95ص
336 _atext
_btxt
_2rdacontent
337 _aunmediated
_bn
_2rdamedia
338 _avolume
_bnc
_2rdacarrier
650 4 _aالسل- وقيه ومكافحة
_961099
999 _aA27596
_c31164
_d31164